| 000 | 00489nam a22001577a 4500 | ||
|---|---|---|---|
| 005 | 20260227011936.0 | ||
| 008 | 260227b |||||||| |||| 00| 0 eng d | ||
| 020 | _a9786214060214 | ||
| 040 | _cjhcsc | ||
| 082 | _a005.13 | ||
| 100 |
_910188 _aJake R. Pomperada | Kevin M. San Jose _eAuthor |
||
| 245 |
_aPHP with MYSQL _bA Web Programming Language _cJake R. Pomperada | Kevin M. San Jose |
||
| 260 |
_aManila _bMindshapers Co., Inc _cc2015 |
||
| 300 |
_avi, 238 p _bill. |
||
| 942 |
_2ddc _cBOOK |
||
| 999 |
_c11372 _d11372 |
||